| 000 | 01196nam a2200409 4500 | ||
|---|---|---|---|
| 001 | |||
| 003 | DO-SdBNP | ||
| 005 | 20240322102953.0 | ||
| 008 | 160127s2012 mx d spa | ||
| 015 | _a | ||
| 017 |
_a _b |
||
| 020 | _a9786071611840 | ||
| 035 | _a | ||
| 040 |
_aBPMSU _bspa _cBPMSU _e |
||
| 082 | 4 |
_a320.01 _bL459e 2012 _222 |
|
| 084 |
_a _2 |
||
| 100 | 1 | _a Norbert Lechner. | |
| 210 | _2 | ||
| 245 | 1 | 0 |
_aObras / _cNorbert Lechner. ; edición de Ilán Semo...[y otros] _b |
| 246 | 1 | 3 | _aEstado y derecho |
| 260 |
_aMéxico D.F. : _bFondo de Cultura Econonómica, _c2012 |
||
| 300 |
_av. ; _c23 cm. _b _e |
||
| 490 | 0 | _aSección de obras de política y derecho. | |
| 500 | _a Incluye bibliografías e índice. | ||
| 504 | _a | ||
| 505 | 0 | _av. 1 : Estado y derecho | |
| 590 | _aInventariado, 2024/VM | ||
| 650 | 4 |
_aCiencia Política. _z _x _y |
|
| 650 | 4 |
_a Derecho _zChile |
|
| 651 | 4 |
_aChile _xPolítica y gobierno |
|
| 651 | 4 | _a | |
| 700 | 1 |
_aSemo, Ilán _eed. |
|
| 710 | 2 | _aFondo de Cultura Económica (México) | |
| 710 | 2 | _aFacultad Latinoamericana de Ciencias Sociales (México) | |
| 910 | _aVMateo V. Control de calidad. BPMSU | ||
| 942 |
_2ddc _cBK |
||
| 999 |
_c14613 _d14613 |
||